| 000 | 00330nam a2200133 i 4500 | ||
|---|---|---|---|
| 001 | bg | ||
| 100 | 1 | _aKUJAWSKI, E. | |
| 245 | 0 |
_aPomiary geodezyjne i fotogrametryczne w architekturze / _cE. Kujawski. |
|
| 260 |
_aBiaĆystok, _c1991. |
||
| 040 | _cBPK | ||
| 041 | _apol | ||
| 942 | _cKS | ||
| 008 | s pl f |000 0 pol | ||
| 999 |
_c4672 _d4672 |
||
| 856 |
_uhttp://koha.tu.koszalin.pl/cgi-bin/koha/opac-detail.pl?biblionumber=4672 _yKatalog online BPK |
||